000
00222 a2200097 4500
001
58130
100
_a
245
_a
Introduction to high energy physics
260
_a
UK
_b
wesley publications
_c
1987
090
_c
35639
_d
35639
942
_a
NUST-CAE
_c
_c
28490
999
_c
293203
_d
293203